<?xml version="1.0" encoding="UTF-8"?>
<record
    xmlns:xsi="http://www.w3.org/2001/XMLSchema-instance"
    xsi:schemaLocation="http://www.loc.gov/MARC21/slim http://www.loc.gov/standards/marcxml/schema/MARC21slim.xsd"
    xmlns="http://www.loc.gov/MARC21/slim">

  <leader>04317nam0a2200493   4500</leader>
  <controlfield tag="001">RU\NLR\BIBL_A\011343002</controlfield>
  <controlfield tag="005">20260407150710.0</controlfield>
  <datafield tag="020" ind1=" " ind2=" ">
    <subfield code="a">RU</subfield>
    <subfield code="b">503(3)</subfield>
    <subfield code="9">&#x421;&#x432;&#x43E;&#x434;&#x43D;&#x44B;&#x439; &#x43A;&#x430;&#x442;&#x430;&#x43B;&#x43E;&#x433; &#x43B;&#x438;&#x441;&#x442;&#x43E;&#x432;&#x43E;&#x43A; &#x43F;&#x435;&#x440;&#x432;&#x44B;&#x445; &#x43B;&#x435;&#x442; &#x421;&#x43E;&#x432;&#x435;&#x442;&#x441;&#x43A;&#x43E;&#x439; &#x432;&#x43B;&#x430;&#x441;&#x442;&#x438; (25 &#x43E;&#x43A;&#x442;&#x44F;&#x431;&#x440;&#x44F; (7 &#x43D;&#x43E;&#x44F;&#x431;&#x440;&#x44F;) 1917 - 1925) &#x422;.1. &#x41B;&#x438;&#x441;&#x442;&#x43E;&#x432;&#x43A;&#x438; &#x432;&#x44B;&#x441;&#x448;&#x438;&#x445; &#x43E;&#x440;&#x433;&#x430;&#x43D;&#x43E;&#x432; &#x433;&#x43E;&#x441;&#x443;&#x434;&#x430;&#x440;&#x441;&#x442;&#x432;&#x435;&#x43D;&#x43D;&#x43E;&#x439; &#x432;&#x43B;&#x430;&#x441;&#x442;&#x438; &#x438; &#x443;&#x43F;&#x440;&#x430;&#x432;&#x43B;&#x435;&#x43D;&#x438;&#x44F;, &#x446;&#x435;&#x43D;&#x442;&#x440;&#x430;&#x43B;&#x44C;&#x43D;&#x44B;&#x445; &#x43F;&#x430;&#x440;&#x442;&#x438;&#x439;&#x43D;&#x44B;&#x445;, &#x43F;&#x440;&#x43E;&#x444;&#x441;&#x43E;&#x44E;&#x437;&#x43D;&#x44B;&#x445;, &#x43A;&#x43E;&#x43C;&#x441;&#x43E;&#x43C;&#x43E;&#x43B;&#x44C;&#x441;&#x43A;&#x438;&#x445; &#x438; &#x434;&#x440;&#x443;&#x433;&#x438;&#x445; &#x43E;&#x440;&#x433;&#x430;&#x43D;&#x438;&#x437;&#x430;&#x446;&#x438;&#x439;. &#x427;.1.-2</subfield>
  </datafield>
  <datafield tag="035" ind1=" " ind2=" ">
    <subfield code="a">(NLR Aleph) 011343002</subfield>
  </datafield>
  <datafield tag="090" ind1=" " ind2=" ">
    <subfield code="a">11202792</subfield>
    <subfield code="c">11202792</subfield>
  </datafield>
  <datafield tag="100" ind1=" " ind2=" ">
    <subfield code="a">20170310d1919    |||y0rusy50      ca</subfield>
  </datafield>
  <datafield tag="101" ind1="0" ind2=" ">
    <subfield code="a">rus</subfield>
  </datafield>
  <datafield tag="102" ind1=" " ind2=" ">
    <subfield code="a">RU</subfield>
  </datafield>
  <datafield tag="105" ind1=" " ind2=" ">
    <subfield code="a">y   z   000zy</subfield>
  </datafield>
  <datafield tag="135" ind1=" " ind2=" ">
    <subfield code="a">crgn 008apaba</subfield>
  </datafield>
  <datafield tag="200" ind1="1" ind2=" ">
    <subfield code="a">&#x414;&#x435;&#x43A;&#x440;&#x435;&#x442; &#x43E;&#x431; &#x43E;&#x431;&#x44F;&#x437;&#x430;&#x442;&#x435;&#x43B;&#x44C;&#x43D;&#x43E;&#x439; &#x440;&#x435;&#x433;&#x438;&#x441;&#x442;&#x440;&#x430;&#x446;&#x438;&#x438; &#x431;&#x44B;&#x432;&#x448;&#x438;&#x445; &#x43F;&#x43E;&#x43C;&#x435;&#x449;&#x438;&#x43A;&#x43E;&#x432;, &#x43A;&#x430;&#x43F;&#x438;&#x442;&#x430;&#x43B;&#x438;&#x441;&#x442;&#x43E;&#x432; &#x438; &#x43B;&#x438;&#x446;, &#x437;&#x430;&#x43D;&#x438;&#x43C;&#x430;&#x432;&#x448;&#x438;&#x445; &#x43E;&#x442;&#x432;&#x435;&#x442;&#x441;&#x442;&#x432;&#x435;&#x43D;&#x43D;&#x44B;&#x435; &#x434;&#x43E;&#x43B;&#x436;&#x43D;&#x43E;&#x441;&#x442;&#x438; &#x432; &#x446;&#x430;&#x440;&#x441;&#x43A;&#x43E;&#x43C; &#x438; &#x431;&#x443;&#x440;&#x436;&#x443;&#x430;&#x437;&#x43D;&#x43E;&#x43C; &#x441;&#x442;&#x440;&#x43E;&#x435;: &#x41C;&#x43E;&#x441;&#x43A;&#x432;&#x430;, &#x41A;&#x440;&#x435;&#x43C;&#x43B;&#x44C;, 23 &#x441;&#x435;&#x43D;&#x442;. 1919 &#x433;.</subfield>
    <subfield code="a">&#x418;&#x43D;&#x441;&#x442;&#x440;&#x443;&#x43A;&#x446;&#x438;&#x44F; &#x41D;&#x430;&#x440;&#x43E;&#x434;&#x43D;&#x43E;&#x433;&#x43E; &#x43A;&#x43E;&#x43C;&#x438;&#x441;&#x441;&#x430;&#x440;&#x438;&#x430;&#x442;&#x430; &#x432;&#x43D;&#x443;&#x442;&#x440;&#x435;&#x43D;&#x43D;&#x438;&#x445; &#x434;&#x435;&#x43B; &#x43E; &#x43F;&#x43E;&#x440;&#x44F;&#x434;&#x43A;&#x435; &#x440;&#x435;&#x433;&#x438;&#x441;&#x442;&#x440;&#x430;&#x446;&#x438;&#x438; &#x431;&#x44B;&#x432;&#x448;&#x438;&#x445; &#x43F;&#x43E;&#x43C;&#x435;&#x449;&#x438;&#x43A;&#x43E;&#x432;, &#x43A;&#x430;&#x43F;&#x438;&#x442;&#x430;&#x43B;&#x438;&#x441;&#x442;&#x43E;&#x432; &#x438; &#x43B;&#x438;&#x446;, &#x437;&#x430;&#x43D;&#x438;&#x43C;&#x430;&#x432;&#x448;&#x438;&#x445; &#x43E;&#x442;&#x432;&#x435;&#x442;&#x441;&#x442;&#x432;&#x435;&#x43D;&#x43D;&#x44B;&#x435; &#x434;&#x43E;&#x43B;&#x436;&#x43D;&#x43E;&#x441;&#x442;&#x438; &#x432; &#x446;&#x430;&#x440;&#x441;&#x43A;&#x43E;&#x43C; &#x438; &#x431;&#x443;&#x440;&#x436;&#x443;&#x430;&#x437;&#x43D;&#x43E;&#x43C; &#x441;&#x442;&#x440;&#x43E;&#x435;</subfield>
    <subfield code="e">[&#x43B;&#x438;&#x441;&#x442;&#x43E;&#x432;&#x43A;&#x430;]</subfield>
  </datafield>
  <datafield tag="210" ind1=" " ind2=" ">
    <subfield code="a">&#x421;&#x430;&#x43F;&#x43E;&#x436;&#x43E;&#x43A;</subfield>
    <subfield code="c">&#x422;&#x438;&#x43F;. &#x41E;&#x442;&#x434;. &#x43D;&#x430;&#x440;. &#x43E;&#x431;&#x440;&#x430;&#x437;.</subfield>
    <subfield code="d">[1919, &#x441;&#x435;&#x43D;&#x442;.]</subfield>
  </datafield>
  <datafield tag="215" ind1=" " ind2=" ">
    <subfield code="a">1 &#x441;. &#x432; 3 &#x441;&#x442;&#x431;.</subfield>
    <subfield code="d">44&#x445;29</subfield>
  </datafield>
  <datafield tag="300" ind1=" " ind2=" ">
    <subfield code="a">&#x41F;&#x43E;&#x434;&#x43F;&#x438;&#x441;&#x438;: &#x43F;&#x43E;&#x434; 1-&#x43C; &#x434;&#x43E;&#x43A;. - &#x43F;&#x440;&#x435;&#x434;&#x441;&#x435;&#x434;&#x430;&#x442;&#x435;&#x43B;&#x44C; &#x421;&#x43E;&#x432;&#x435;&#x442;&#x430; &#x41D;&#x430;&#x440;&#x43E;&#x434;&#x43D;&#x44B;&#x445; &#x41A;&#x43E;&#x43C;&#x438;&#x441;&#x441;&#x430;&#x440;&#x43E;&#x432; &#x412;. &#x423;&#x43B;&#x44C;&#x44F;&#x43D;&#x43E;&#x432; (&#x41B;&#x435;&#x43D;&#x438;&#x43D;); &#x443;&#x43F;&#x440;&#x430;&#x432;&#x43B;&#x44F;&#x44E;&#x449;&#x438;&#x439; &#x434;&#x435;&#x43B;&#x430;&#x43C;&#x438; &#x412;. &#x411;&#x43E;&#x43D;&#x447;-&#x411;&#x440;&#x443;&#x435;&#x432;&#x438;&#x447;; &#x441;&#x435;&#x43A;&#x440;&#x435;&#x442;&#x430;&#x440;&#x44C; &#x41B;. &#x424;&#x43E;&#x442;&#x438;&#x435;&#x432;&#x430;; &#x43F;&#x43E;&#x434; 2-&#x43C; &#x434;&#x43E;&#x43A;. - &#x437;&#x430;&#x43C;&#x435;&#x441;&#x442;&#x438;&#x442;&#x435;&#x43B;&#x44C; &#x41D;&#x430;&#x440;&#x43E;&#x434;&#x43D;&#x43E;&#x433;&#x43E; &#x43A;&#x43E;&#x43C;&#x438;&#x441;&#x441;&#x430;&#x440;&#x438;&#x430;&#x442;&#x430; &#x432;&#x43D;&#x443;&#x442;&#x440;&#x435;&#x43D;&#x43D;&#x438;&#x445; &#x41C;. &#x412;&#x43B;&#x430;&#x434;&#x438;&#x43C;&#x438;&#x440;&#x441;&#x43A;&#x438;&#x439;.</subfield>
  </datafield>
  <datafield tag="300" ind1=" " ind2=" ">
    <subfield code="a">&#x412; &#x43A;&#x43E;&#x43D;&#x446;&#x435; &#x43B;&#x438;&#x441;&#x442;&#x43E;&#x432;&#x43A;&#x438;: &#x414;&#x43E;&#x43F;&#x43E;&#x43B;&#x43D;&#x435;&#x43D;&#x438;&#x435; &#x434;&#x435;&#x43A;&#x440;&#x435;&#x442;&#x430;..., 30 &#x441;&#x435;&#x43D;&#x442;. 1919 &#x433;. &#x41F;&#x440;&#x435;&#x434;&#x441;&#x435;&#x434;&#x430;&#x442;&#x435;&#x43B;&#x44C; &#x421;&#x430;&#x43F;&#x43E;&#x436;&#x43A;&#x43E;&#x432;&#x441;&#x43A;&#x43E;&#x433;&#x43E; &#x443;&#x438;&#x441;&#x43F;&#x43E;&#x43B;&#x43A;&#x43E;&#x43C;&#x430; &#x421;&#x443;&#x447;&#x43A;&#x43E;&#x432;; &#x438;. &#x434;. &#x437;&#x430;&#x432;&#x435;&#x434;&#x443;&#x44E;&#x449;&#x438;&#x439; &#x41E;&#x442;&#x434;&#x435;&#x43B;&#x43E;&#x43C; &#x443;&#x43F;&#x440;&#x430;&#x432;&#x43B;&#x435;&#x43D;&#x438;&#x44F; &#x421;. &#x41A;&#x443;&#x437;&#x43D;&#x435;&#x446;&#x43E;&#x432;</subfield>
  </datafield>
  <datafield tag="300" ind1=" " ind2=" ">
    <subfield code="a">"&#x412;&#x44B;&#x43F;&#x438;&#x441;&#x43A;&#x430; &#x438;&#x437; &#x433;&#x430;&#x437;. &#x418;&#x437;&#x432;&#x435;&#x441;&#x442;&#x438;&#x44F; &#x412;&#x426;&#x418;&#x41A; &#x421;. &#x43E;&#x442; 27 &#x441;&#x435;&#x43D;&#x442;.1919 &#x433;. &#x437;&#x430; &#x2116; 215/767"</subfield>
  </datafield>
  <datafield tag="325" ind1="1" ind2=" ">
    <subfield code="a">&#x41A;&#x43E;&#x43F;&#x438;&#x44F; &#x434;&#x43E;&#x441;&#x442;&#x443;&#x43F;&#x43D;&#x430; &#x432; &#x42D;&#x43B;&#x435;&#x43A;&#x442;&#x440;&#x43E;&#x43D;&#x43D;&#x43E;&#x439; &#x431;&#x438;&#x431;&#x43B;&#x438;&#x43E;&#x442;&#x435;&#x43A;&#x435; &#x420;&#x41D;&#x411;</subfield>
  </datafield>
  <datafield tag="607" ind1=" " ind2=" ">
    <subfield code="a">&#x420;&#x421;&#x424;&#x421;&#x420;</subfield>
    <subfield code="j">&#x41B;&#x438;&#x441;&#x442;&#x43E;&#x432;&#x43A;&#x438;</subfield>
    <subfield code="x">&#x41F;&#x43E;&#x43B;&#x438;&#x442;&#x438;&#x43A;&#x430; &#x438; &#x443;&#x43F;&#x440;&#x430;&#x432;&#x43B;&#x435;&#x43D;&#x438;&#x435;</subfield>
    <subfield code="y">1917 - 1925</subfield>
    <subfield code="9">2312782</subfield>
    <subfield code="3">RU\NLR\auth\6601609564</subfield>
  </datafield>
  <datafield tag="686" ind1="0" ind2=" ">
    <subfield code="a">&#x422;3(2)71-313,011</subfield>
  </datafield>
  <datafield tag="702" ind1=" " ind2="1">
    <subfield code="4">720</subfield>
    <subfield code="8">rus</subfield>
    <subfield code="7">ca</subfield>
    <subfield code="a">&#x41B;&#x435;&#x43D;&#x438;&#x43D;</subfield>
    <subfield code="b">&#x412;. &#x418;.</subfield>
    <subfield code="f">1870-1924</subfield>
    <subfield code="g">&#x412;&#x43B;&#x430;&#x434;&#x438;&#x43C;&#x438;&#x440; &#x418;&#x43B;&#x44C;&#x438;&#x447;</subfield>
    <subfield code="3">RU\NLR\AUTH\773584</subfield>
    <subfield code="9">113579</subfield>
  </datafield>
  <datafield tag="702" ind1=" " ind2="1">
    <subfield code="4">720</subfield>
    <subfield code="8">rus</subfield>
    <subfield code="7">ca</subfield>
    <subfield code="a">&#x411;&#x43E;&#x43D;&#x447;-&#x411;&#x440;&#x443;&#x435;&#x432;&#x438;&#x447;</subfield>
    <subfield code="b">&#x412;. &#x414;.</subfield>
    <subfield code="f">1873-1955</subfield>
    <subfield code="g">&#x412;&#x43B;&#x430;&#x434;&#x438;&#x43C;&#x438;&#x440; &#x414;&#x43C;&#x438;&#x442;&#x440;&#x438;&#x435;&#x432;&#x438;&#x447;</subfield>
    <subfield code="3">RU\NLR\AUTH\7784347</subfield>
    <subfield code="9">67275</subfield>
  </datafield>
  <datafield tag="702" ind1=" " ind2="1">
    <subfield code="4">720</subfield>
    <subfield code="7">ca</subfield>
    <subfield code="8">rus</subfield>
    <subfield code="a">&#x424;&#x43E;&#x442;&#x438;&#x435;&#x432;&#x430;</subfield>
    <subfield code="b">&#x41B;. &#x410;.</subfield>
    <subfield code="c">&#x434;&#x435;&#x44F;&#x442;&#x435;&#x43B;&#x44C; &#x440;&#x435;&#x432;&#x43E;&#x43B;&#x44E;&#x446;. &#x434;&#x432;&#x438;&#x436;&#x435;&#x43D;&#x438;&#x44F;</subfield>
    <subfield code="f">1881-1975</subfield>
    <subfield code="g">&#x41B;&#x438;&#x434;&#x438;&#x44F; &#x410;&#x43B;&#x435;&#x43A;&#x441;&#x430;&#x43D;&#x434;&#x440;&#x43E;&#x432;&#x43D;&#x430;</subfield>
    <subfield code="9">170151</subfield>
    <subfield code="3">RU\NLR\AUTH\770170201</subfield>
  </datafield>
  <datafield tag="702" ind1=" " ind2="1">
    <subfield code="a">&#x412;&#x43B;&#x430;&#x434;&#x438;&#x43C;&#x438;&#x440;&#x441;&#x43A;&#x438;&#x439;</subfield>
    <subfield code="b">&#x41C;.</subfield>
    <subfield code="4">720</subfield>
  </datafield>
  <datafield tag="702" ind1=" " ind2="1">
    <subfield code="a">&#x421;&#x443;&#x447;&#x43A;&#x43E;&#x432;</subfield>
    <subfield code="4">570</subfield>
  </datafield>
  <datafield tag="702" ind1=" " ind2="1">
    <subfield code="4">570</subfield>
    <subfield code="7">ca</subfield>
    <subfield code="8">rus</subfield>
    <subfield code="a">&#x41A;&#x443;&#x437;&#x43D;&#x435;&#x446;&#x43E;&#x432;</subfield>
    <subfield code="b">&#x421;.</subfield>
    <subfield code="c">&#x443;&#x447;&#x430;&#x441;&#x442;&#x43D;&#x438;&#x43A; &#x440;&#x435;&#x432;&#x43E;&#x43B;&#x44E;&#x446;&#x438;&#x43E;&#x43D;&#x43D;&#x43E;&#x433;&#x43E; &#x434;&#x432;&#x438;&#x436;&#x435;&#x43D;&#x438;&#x44F;, &#x433;.&#x421;&#x430;&#x43F;&#x43E;&#x436;&#x43E;&#x43A;</subfield>
    <subfield code="9">196588</subfield>
    <subfield code="3">RU\NLR\AUTH\770196639</subfield>
  </datafield>
  <datafield tag="711" ind1="0" ind2="1">
    <subfield code="a">&#x420;&#x421;&#x424;&#x421;&#x420;</subfield>
    <subfield code="b">&#x421;&#x43E;&#x432;&#x435;&#x442; &#x43D;&#x430;&#x440;&#x43E;&#x434;&#x43D;&#x44B;&#x445; &#x43A;&#x43E;&#x43C;&#x438;&#x441;&#x441;&#x430;&#x440;&#x43E;&#x432;</subfield>
    <subfield code="3">RU\NLR\AUTH\8810025813</subfield>
    <subfield code="9">549853</subfield>
  </datafield>
  <datafield tag="711" ind1="0" ind2="1">
    <subfield code="a">&#x420;&#x421;&#x424;&#x421;&#x420;</subfield>
    <subfield code="b">&#x41D;&#x430;&#x440;&#x43E;&#x434;&#x43D;&#x44B;&#x439; &#x43A;&#x43E;&#x43C;&#x438;&#x441;&#x441;&#x430;&#x440;&#x438;&#x430;&#x442; &#x432;&#x43D;&#x443;&#x442;&#x440;&#x435;&#x43D;&#x43D;&#x438;&#x445; &#x434;&#x435;&#x43B;</subfield>
    <subfield code="3">RU\NLR\AUTH\8810025839</subfield>
    <subfield code="9">549909</subfield>
  </datafield>
  <datafield tag="712" ind1="0" ind2="2">
    <subfield code="4">570</subfield>
    <subfield code="a">"&#x418;&#x437;&#x432;&#x435;&#x441;&#x442;&#x438;&#x44F; &#x412;&#x426;&#x418;&#x41A;", &#x433;&#x430;&#x437;&#x435;&#x442;&#x430;</subfield>
    <subfield code="c">&#x41C;&#x43E;&#x441;&#x43A;&#x432;&#x430;</subfield>
    <subfield code="9">551198</subfield>
    <subfield code="3">RU\NLR\AUTH\880443606</subfield>
  </datafield>
  <datafield tag="712" ind1="0" ind2="2">
    <subfield code="a">&#x421;&#x430;&#x43F;&#x43E;&#x436;&#x43A;&#x43E;&#x432;&#x441;&#x43A;&#x438;&#x439; &#x443;&#x435;&#x437;&#x434;&#x43D;&#x44B;&#x439; &#x438;&#x441;&#x43F;&#x43E;&#x43B;&#x43D;&#x438;&#x442;&#x435;&#x43B;&#x44C;&#x43D;&#x44B;&#x439; &#x43A;&#x43E;&#x43C;&#x438;&#x442;&#x435;&#x442; &#x421;&#x43E;&#x432;&#x435;&#x442;&#x43E;&#x432;</subfield>
    <subfield code="9">457985</subfield>
    <subfield code="3">RU\NLR\AUTH\880395820</subfield>
  </datafield>
  <datafield tag="740" ind1=" " ind2="1">
    <subfield code="a">&#x420;&#x421;&#x424;&#x421;&#x420;</subfield>
    <subfield code="c">1917-1922</subfield>
    <subfield code="t">&#x417;&#x430;&#x43A;&#x43E;&#x43D;&#x44B; &#x438; &#x43F;&#x43E;&#x441;&#x442;&#x430;&#x43D;&#x43E;&#x432;&#x43B;&#x435;&#x43D;&#x438;&#x44F;</subfield>
    <subfield code="9">551047</subfield>
    <subfield code="3">RU\NLR\AUTH\880443530</subfield>
  </datafield>
  <datafield tag="852" ind1="0" ind2="0">
    <subfield code="a">NLR</subfield>
    <subfield code="b">&#x424;&#x41B;</subfield>
    <subfield code="j">13/169</subfield>
  </datafield>
  <datafield tag="942" ind1=" " ind2=" ">
    <subfield code="c">BOOK</subfield>
  </datafield>
  <datafield tag="980" ind1=" " ind2=" ">
    <subfield code="a">NB</subfield>
  </datafield>
  <datafield tag="981" ind1="2" ind2="1">
    <subfield code="a">(21) &#x41B;&#x438;&#x441;&#x442;&#x43E;&#x432;&#x43A;&#x438;</subfield>
    <subfield code="b">(21) &#x41B;&#x438;&#x441;&#x442;&#x43E;&#x432;&#x43A;&#x438; 1919 &#x433;&#x43E;&#x434;&#x430;</subfield>
  </datafield>
  <datafield tag="995" ind1=" " ind2=" ">
    <subfield code="5">2025-04-09</subfield>
    <subfield code="b">NLR02</subfield>
    <subfield code="c">NLR02</subfield>
    <subfield code="e">RFS</subfield>
    <subfield code="f">11343002-10</subfield>
    <subfield code="k">&#x424;&#x41B; 13/169</subfield>
    <subfield code="o">0</subfield>
    <subfield code="r">FLYER</subfield>
    <subfield code="s">_13169</subfield>
  </datafield>
</record>
